| 000 | 00578cam a22002055a 4500 | ||
|---|---|---|---|
| 001 | L158694 | ||
| 008 | 150623s2014 xxk f 000 0 eng d | ||
| 020 | _a9781859465493 | ||
| 035 | _a(Sirsi) u158694 | ||
| 041 | 0 | _aeng | |
| 050 | 0 | 4 | _a711 |
| 100 | 1 | _aOstine, Nigel | |
| 245 | 0 | 0 | _aSmall projects handbook |
| 260 |
_aNewcastle _bRiba _c2014 |
||
| 520 | _aA guide to running small projects particularly geared towards small practices. based on the RIBA plan of work 2013. | ||
| 521 | _aAdvanced | ||
| 650 | 2 | 4 | _aCONSTRUCTION |
| 651 | 4 | _aENGLAND AND WALES | |
| 942 | _n0 | ||
| 999 |
_c115460 _d115460 |
||